00678nam a22002057a 4500003000500000005001700005008004100022010001100063011001100074035001100085040000900096082001500105245012600120260008000246300002900326650002600355650003100381700002700412700003300439CHAP20220329143836.0121105s1981 mx a r 00010 spa d a102632 a103604 a114293 cCHAP04a633.2bP9400aProducción y utilización de forrajes tropicalesc/ coordinado por Fernando Flores Ramos y Gualberto R. de Lucia Silva aMéxico, D.F. :bUNAM, Facultad de Medicina Veterinaria y Zootecnia,c1981 a134 p. :bilus., cuadros14aForrajesxTrópicos.14aForrajesxValor nutritivo.1 aFlores Ramos, Fernando1 aLucia Silva, Gualberto R. de